000 00443nam a2200169Ia 4500
008 221030s9999 xx 000 0 und d
020 _a8185749922
041 _aEnglish
082 _a105.23
_bKha
100 _aG. K. Kharate
245 0 _aElectromagnetic Engineering
_cby G. K. Kharate, S. S. Narkhede
260 _bTechnical Publication
_aNew Delhi
_c2002
300 _a933
650 _aECE & EE
700 _aS. S. Narkhede
942 _cBK
999 _c7631
_d7631